000 00548nam a2200181 i 4500
001 51953
003 ES-MaACL
007 t|
008 030821s1908 fr ||||1| fre d
100 1 _aChide, Alphonse.
_938500
245 1 3 _aLe mobilisme moderne /
_cpar A. Chide.
260 _aParis :
_bFélix Alcan,
_c1908 (
_eTours :
_fE. Arrault)
300 _a292 p. ;
_c22 cm.
490 1 _aBibliothèque de philosophie contemporaine
830 0 _aBibliothèque de philosophie contemporaine
_9181027
852 _aES-MaACL
_jB-6311
999 _c51953
_d51953